00410 2200169 4500001002100000005001500021035002000036245003900056100001600095300002600111260003500137082000800172084001400180020002200194990001200216990001200228INLIS00000000000311920251022013245 a0010-10250000231 aAir Mata Perpisahan /cAster Putih0 aAster Putih a188 hlm ;c13 x 19 cm aJakarta :bRumah Oranye,c2014 a813 a813 AST a a978-602-1588-60-4 a0755905 a0755906